000 00757nam a2200205 a 4500
008 110927s1994 ||||||||||||||||| || u
020 _a0721646956
050 _aRK 55 Ped.
100 _aMcTigue, Dennis J
245 1 0 _aPediatric dentistry: infancy through adolescence. (2nd ed.)
_cedited by Pinkham, J. R.
250 _a2nd ed.
260 _aPhiladelphia:
_bW. B. Saunders Company
_c1994
300 _axviii, 647p. : ill.
350 _a0.00
650 _aPEDODONTICS
650 _aPAEDIATRICS
700 _aCasamassimo, Paul S
700 _aFields, Henry W
995 _aMEDICAL LIBRARY OPEN ACCESS
_D0.00
_e901349
_FCBU-SCHOOL OF MEDICINE LIBRARY (Ndola)
_H1
_I0.00
_jRK 55 Ped.
_M1
_UAVAILABLE
_WOct 7, 2011
_y901349
_ZMedical Library Open Access Collection
999 _c32329
_d32329